Les Queens de DragRace France - Statistiques

Statistiques générales
  • Ce quiz a été pris 50 fois
  • Le résultat moyen est 24 sur 31
Statistiques - réponses
Hint Réponse % Correct
Saison 1 La Big Bertha
100%
Saison 1 Paloma
100%
Saison 2 Keiona
95%
Saison 1 La Grande Dame
95%
Saison 2 Mami Watta
95%
Saison 2 Punani
95%
Saison 2 Rose
95%
Saison 1 Soa de Muse
95%
Saison 1 Lolita Banana
89%
Saison 1 Elips
84%
Saison 3 Le Filip
84%
Saison 3 Misty Phoenix
84%
Saison 2 Piche
84%
Saison 2 Ginger Bitch
79%
Saison 1 Kam Hugh
79%
Saison 2 Sara Forever
79%
Saison 1 La Kahena
74%
Saison 3 Norma Bell
74%
Saison 2 Cookie Kunty
68%
Saison 1 Lova Ladiva
68%
Saison 3 Lula Strega
68%
Saison 3 Magnetica
68%
Saison 3 Ruby On The Nail
68%
Saison 3 Afrodite Amour
63%
Saison 3 Leona Winter
63%
Saison 2 Moon
63%
Saison 2 Vespi
63%
Saison 1 La Briochée
58%
Saison 3 Edeha Noire
47%
Saison 3 Perseo
47%
Saison 2 Kitty Space
42%
Aucun quiz correspondant
Distribution des résultats
% des personnes avec chaque résultat
Percentile par nombre de réponses
Votre historique - résultats
Vous n’avez pas pris ce quiz